<?xml version="1.0" encoding="UTF-8"?>
<record
    xmlns:xsi="http://www.w3.org/2001/XMLSchema-instance"
    xsi:schemaLocation="http://www.loc.gov/MARC21/slim http://www.loc.gov/standards/marcxml/schema/MARC21slim.xsd"
    xmlns="http://www.loc.gov/MARC21/slim">

  <leader>02051nam a22003857i 4500</leader>
  <controlfield tag="003">DO-SdBNP</controlfield>
  <controlfield tag="005">20240614143053.0</controlfield>
  <controlfield tag="007">ta</controlfield>
  <controlfield tag="008">240513b2010    dr ||||| |||| 00| 0 spa d</controlfield>
  <datafield tag="020" ind1=" " ind2=" ">
    <subfield code="a">978932766127</subfield>
  </datafield>
  <datafield tag="040" ind1=" " ind2=" ">
    <subfield code="a">DO-SdBNP</subfield>
    <subfield code="b">spa</subfield>
    <subfield code="c">BNPHU </subfield>
    <subfield code="e">rda</subfield>
  </datafield>
  <datafield tag="082" ind1="0" ind2="4">
    <subfield code="2">22</subfield>
    <subfield code="a">972.93</subfield>
    <subfield code="b">A465c</subfield>
  </datafield>
  <datafield tag="100" ind1="1" ind2=" ">
    <subfield code="a">Altagracia Espada, Carlos D.</subfield>
    <subfield code="9">85509</subfield>
  </datafield>
  <datafield tag="245" ind1="1" ind2="0">
    <subfield code="a">El cuerpo de la patria :</subfield>
    <subfield code="b">intelectuales, imaginaci&#xF3;n geogr&#xE1;fica y paisaje de la frontera en la Rep&#xFA;blica Dominicana durante la Era de Trujillo /  </subfield>
    <subfield code="c">Carlos D. Altagracia Espada ; introducci&#xF3;n Denis Cosgrove.</subfield>
  </datafield>
  <datafield tag="250" ind1=" " ind2=" ">
    <subfield code="a">Primera edici&#xF3;n </subfield>
  </datafield>
  <datafield tag="264" ind1=" " ind2=" ">
    <subfield code="a">[Puerto Rico?] :</subfield>
    <subfield code="b">Librer&#xED;a La Tertulia;</subfield>
    <subfield code="b">Centro de Investigaci&#xF3;n y Creaci&#xF3;n; Centro de Estudios Iberoamericanos,</subfield>
    <subfield code="c">&#xA9;2010.</subfield>
  </datafield>
  <datafield tag="300" ind1=" " ind2=" ">
    <subfield code="a">235 p&#xE1;ginas ; </subfield>
    <subfield code="c">22 cm. </subfield>
  </datafield>
  <datafield tag="336" ind1=" " ind2=" ">
    <subfield code="2">rdacontent </subfield>
    <subfield code="a">Texto</subfield>
    <subfield code="b">txt</subfield>
  </datafield>
  <datafield tag="337" ind1=" " ind2=" ">
    <subfield code="2">rdamedia</subfield>
    <subfield code="a">sin mediaci&#xF3;n</subfield>
    <subfield code="b">n</subfield>
  </datafield>
  <datafield tag="338" ind1=" " ind2=" ">
    <subfield code="2">rdacarrier </subfield>
    <subfield code="a">volumen </subfield>
    <subfield code="b">nc</subfield>
  </datafield>
  <datafield tag="500" ind1=" " ind2=" ">
    <subfield code="a">Incluye referencias bibliogr&#xE1;ficas y notas al pie de las p&#xE1;ginas.</subfield>
  </datafield>
  <datafield tag="500" ind1=" " ind2=" ">
    <subfield code="a">Incluye breves datos biogr&#xE1;ficos del autor en la solapa de la contracubierta.</subfield>
  </datafield>
  <datafield tag="505" ind1="0" ind2=" ">
    <subfield code="a">Agradecimientos --</subfield>
    <subfield code="t">Introducci&#xF3;n &#x2013;</subfield>
    <subfield code="t">Espacios de poder paisajes fronteras y naciones &#x2013;</subfield>
    <subfield code="t">Tiempo naci&#xF3;n y geograf&#xED;a fronteriza en las narraciones hist&#xF3;ricas de Manuel Arturo Pe&#xF1;a Batlle &#x2013;</subfield>
    <subfield code="t">Biolog&#xED;a, biograf&#xED;a y paisaje fronterizo en Joaqu&#xED;n Balague &#x2013;</subfield>
    <subfield code="t">Viajes y exilios a la frontera en Freddy Prestol Castillo y Ramon Marrero Aristy --</subfield>
  </datafield>
  <datafield tag="590" ind1=" " ind2=" ">
    <subfield code="a">Inventariado, 2024 /LP</subfield>
  </datafield>
  <datafield tag="650" ind1=" " ind2="4">
    <subfield code="a">Dictadura de Trujillo</subfield>
    <subfield code="9">85510</subfield>
  </datafield>
  <datafield tag="650" ind1=" " ind2="4">
    <subfield code="a">Historia de Rep&#xFA;blica Dominicana</subfield>
    <subfield code="y">Siglo XX</subfield>
    <subfield code="9">85511</subfield>
  </datafield>
  <datafield tag="650" ind1=" " ind2="4">
    <subfield code="a">Territorios y fronteras de Republica Dominicana</subfield>
    <subfield code="9">85512</subfield>
  </datafield>
  <datafield tag="651" ind1=" " ind2="4">
    <subfield code="a">Rep&#xFA;blica Dominicana</subfield>
    <subfield code="x">Limite-Haiti</subfield>
    <subfield code="9">85513</subfield>
  </datafield>
  <datafield tag="651" ind1=" " ind2="4">
    <subfield code="a">Haiti-Limite</subfield>
    <subfield code="z">Rep&#xFA;blica Dominicana</subfield>
    <subfield code="9">85514</subfield>
  </datafield>
  <datafield tag="651" ind1=" " ind2="4">
    <subfield code="a">Rep&#xFA;blica Dominicana</subfield>
    <subfield code="x">Relaciones con Haiti</subfield>
    <subfield code="9">14468</subfield>
  </datafield>
  <datafield tag="651" ind1=" " ind2="4">
    <subfield code="a">Haiti</subfield>
    <subfield code="x">Relaciones con Rep&#xFA;blica Dominicana</subfield>
    <subfield code="9">85515</subfield>
  </datafield>
  <datafield tag="700" ind1="1" ind2=" ">
    <subfield code="a">Cosgrove, Denis,</subfield>
    <subfield code="e">introducci&#xF3;n</subfield>
    <subfield code="9">85516</subfield>
  </datafield>
  <datafield tag="910" ind1=" " ind2=" ">
    <subfield code="a">LP/Validado. control de calidad/MAA</subfield>
  </datafield>
  <datafield tag="942" ind1=" " ind2=" ">
    <subfield code="2">ddc</subfield>
    <subfield code="c">LBS1</subfield>
  </datafield>
  <datafield tag="952" ind1=" " ind2=" ">
    <subfield code="0">0</subfield>
    <subfield code="1">0</subfield>
    <subfield code="2">ddc</subfield>
    <subfield code="7">0</subfield>
    <subfield code="8">PD</subfield>
    <subfield code="a">BNPHU</subfield>
    <subfield code="b">BNPHU</subfield>
    <subfield code="c">HD</subfield>
    <subfield code="d">2024-05-13</subfield>
    <subfield code="e">Donado por Emilio Cordero Michel</subfield>
    <subfield code="l">0</subfield>
    <subfield code="o">BNPHU PD 972.93 A465c</subfield>
    <subfield code="p">2024-2920</subfield>
    <subfield code="r">2024-05-13</subfield>
    <subfield code="w">2024-05-13</subfield>
    <subfield code="y">LBS1</subfield>
  </datafield>
  <datafield tag="999" ind1=" " ind2=" ">
    <subfield code="c">56650</subfield>
    <subfield code="d">56650</subfield>
  </datafield>
</record>
